000 00951nam0a2200277 4500
001 RU\NLR\bibl\1158105
005 20250615082133.0
010 _a978-5-7024-2306-7
_930000
021 _aRU
_b2007-71743
_93857
035 _a(NLR Aleph) 001144865
090 _a1440785
_c1440785
100 _a20071122d2007 |||y0rusy50 ca
101 1 _arus
_cund
102 _aRU
105 _ay z |||||
200 1 _aНе торопись сжигать мосты
_eроман
_fЛивия Элиот
210 _aМосква
_cПанорама
_d2007
215 _a186, [1] с.
_d17
225 1 _aПанорама романов о любви
_eпериодический литературно-художественный альманах
_v07-153
686 _aШ6(4Вл)67-440.4{Лх1299-50}
700 1 _aЭлиот
_bЛ.
_gЛивия
_4070
801 0 _aRU
_bNLR
_c20071122
_gRCR
801 1 _aRU
_bNLR
_c20071122
942 _cBOOK
980 _aNB